Southville International School and Colleges
Your cart is empty.
  • Cart
  • Lists
    Public lists Eva Luna New books Lux_list list_1
    Your lists Log in to create your own lists
  • Log in to your account
  • Your cookies
  • Search history
Southville International School and Colleges
  • Advanced search
  • Recent comments
  • Most popular
  • Libraries

Log in to your account

Log in with GOOGLE


If you do not have an external account, but do have a local account, you can still log in:

  1. Home
  2. MARC view: Computer networks :
Normal view MARC view ISBD view

Computer networks : (Record no. 294184)

[ view plain ]
MARC details
000 -LEADER
fixed length control field 00645nam a2200241Ia 4500
008 - FIXED-LENGTH DATA ELEMENTS--GENERAL INFORMATION
fixed length control field 160517s9999 xx 000 0 und d
020 ## - INTERNATIONAL STANDARD BOOK NUMBER
International Standard Book Number 978-007-132689-6
050 ## - LIBRARY OF CONGRESS CALL NUMBER
Classification number ComSc TK 5105.5
050 ## - LIBRARY OF CONGRESS CALL NUMBER
Item number .F67 2012
100 ## - MAIN ENTRY--PERSONAL NAME
Personal name Forouzan, Behrouz A.
245 ## - TITLE STATEMENT
Title Computer networks :
245 ## - TITLE STATEMENT
Remainder of title a top - down approach /
245 ## - TITLE STATEMENT
Statement of responsibility, etc Behrouz A. Forouzan, Firouz Mosharraf.
260 ## - PUBLICATION, DISTRIBUTION, ETC. (IMPRINT)
Place of publication, distribution, etc New York :
260 ## - PUBLICATION, DISTRIBUTION, ETC. (IMPRINT)
Name of publisher, distributor, etc McGraw-Hill.,
260 ## - PUBLICATION, DISTRIBUTION, ETC. (IMPRINT)
Date of publication, distribution, etc 2012
300 ## - PHYSICAL DESCRIPTION
Extent 931 pages :
300 ## - PHYSICAL DESCRIPTION
Other physical details ill. ;
300 ## - PHYSICAL DESCRIPTION
Dimensions 24 cm.
500 ## - GENERAL NOTE
General note Includes bibliographical references and index.
650 ## - SUBJECT ADDED ENTRY--TOPICAL TERM
Topical term or geographic name as entry element Computer networks.
650 ## - SUBJECT ADDED ENTRY--TOPICAL TERM
General subdivision Internet.
Holdings
Withdrawn status Lost status Damaged status Home library Current library Shelving location Date acquired Total Checkouts Full call number Barcode Date last seen Price effective from Koha item type
      South Mansfield College South Mansfield College   08/20/2015   ComSc TK 5105.5 .F67 2012 SMC02708 05/17/2016 05/17/2016  

Computer networks :

APA

Forouzan B. A., .Computer networks. New York: .

Chicago

Forouzan Behrouz A, .Computer networks. New York: .

Harvard

Forouzan B. A., .Computer networks. New York: .

MLA

Forouzan Behrouz A, .New York: . .

  • Place hold
  • Print
  • Cite
  • Add to your cart (remove)
  • Save record
    BIBTEX Dublin Core MARCXML MARC (non-Unicode/MARC-8) MARC (Unicode/UTF-8) MARC (Unicode/UTF-8, Standard) MODS (XML) RIS
  • More searches
    Search for this title in:
    Other Libraries (WorldCat) Other Databases (Google Scholar) Online Stores (Bookfinder.com) Open Library (openlibrary.org)

Exporting to Dublin Core...

SOUTHVILLE LIBRARY

Southville International School and Colleges Library

1281 Tropical Ave. Cor. Luxembourg St., BF Homes International, Las Pinas City

Tel. No. 8256374 / 252358 Loc. 117/146

Powered by Koha